Moorish culture in Spain; (Record no. 549864)

000 -LEADER
fixed length control field 00599cam a2200169 4500
020 ## - INTERNATIONAL STANDARD BOOK NUMBER
International Standard Book Number 0049460080
082 00 - DEWEY DECIMAL CLASSIFICATION NUMBER
Classification number 946.02
Author Mark BUR
100 1# - MAIN ENTRY--PERSONAL NAME
Personal name Burckhardt, Titus.
9 (RLIN) 28518
245 10 - TITLE STATEMENT
Title Moorish culture in Spain;
Statement of responsibility, etc. translated [from the German] by Alisa Jaffa.
260 ## - PUBLICATION, DISTRIBUTION, ETC.
Place of publication, distribution, etc. London,
Name of publisher, distributor, etc. Allen and Unwin,
Date of publication, distribution, etc. 1972.
300 ## - PHYSICAL DESCRIPTION
Extent 227 p., leaf.
Other physical details illus. (some col.), facsims., maps, plans.
Dimensions 27 cm.
500 ## - GENERAL NOTE
General note Illus. on lining papers.
500 ## - GENERAL NOTE
General note Translation of Die maurische Kultur in Spanien.
526 ## - STUDY PROGRAM INFORMATION NOTE
Program name 0
Interest level 0
Reading level 0
Title point value 946_020000000000000_BUR
650 #0 - SUBJECT ADDED ENTRY--TOPICAL TERM
Topical term or geographic name entry element Muslims
Geographic subdivision Spain
General subdivision History.
9 (RLIN) 46551
942 ## - ADDED ENTRY ELEMENTS (KOHA)
Source of classification or shelving scheme
Koha item type Book
Holdings
Withdrawn status Lost status Source of classification or shelving scheme Damaged status Not for loan Permanent Location Current Location Date acquired Total Checkouts Full call number Barcode Date last seen Price effective from Koha item type
          Military College of Engineering (MCE) Military College of Engineering (MCE) 10/15/2014   946.02 BUR MCE-43660 10/15/2014 03/14/2021 Book
© 2023 Central Library, National University of Sciences and Technology. All Rights Reserved.